000
00276nam a22001217a 4500
003
SGT
082
_a
150
_b
C17G
100
_a
GLODDING, SAMUEL T.
245
_a
COUNSELLING A COMPREHENSIVE PROFESSION
250
_a
7TH
260
_a
INDIA
_b
PERSON
_c
2018
942
_2
ddc
_c
BK
_0
2
999
_c
15085
_d
15085